LEADER 04543 am 2201057 n 450 001 9910500604403321 005 20210923 010 $a2-7283-1508-6 024 7 $a10.4000/books.efr.21343 035 $a(CKB)4100000012042879 035 $a(FrMaCLE)OB-efr-21343 035 $a(oapen)https://directory.doabooks.org/handle/20.500.12854/85196 035 $a(PPN)257963154 035 $a(EXLCZ)994100000012042879 100 $a20211009j|||||||| ||| 0 101 0 $afre 135 $auu||||||m|||| 181 $ctxt$2rdacontent 182 $cc$2rdamedia 183 $acr$2rdacarrier 200 10$aPanthéons de la Renaissance $eMémoires et histoires des hommes et femmes illustres (v. 1350-1700) /$fÉlisabeth Crouzet-Pavan, Jean-Baptiste Delzant, Clémence Revest 210 $aRome $cPublications de l?École française de Rome$d2021 215 $a1 online resource (294 p.) 225 1 $aCollection de l'École française de Rome 311 $a2-7283-1507-8 330 $aLes listes d?hommes et de femmes illustres ont envahi, sous des formes extrêmement variées, la production littéraire et iconographique de l?Europe des XIVe-XVIIe siècles. Par-delà le constat de la fortune du genre et l?inventaire de ses avatars, cet ouvrage s?intéresse à la façon dont cette spectaculaire efflorescence de collections de noms, de biographies et d?images traduit un rapport spécifique à l?histoire et à la grandeur de l?humanité, qui caractérise l?imaginaire de la Renaissance. Les assemblées héroïques ainsi constituées, réarrangées, continuées jusqu?à l?âge présent, révèlent les évolutions des modèles de l?exemplarité individuelle et des pratiques commémoratives, fondées notamment sur l?instrumentalisation généalogique du passé et la mise en scène glorieuse de l?actualité. De Boccace à Montaigne et Charles Perrault, de l?Italie des seigneurs-condottières à l?Empire des Habsbourg, des humanistes dalmates aux ligueurs français, ce livre fait émerger certains des principaux motifs et vecteurs d?une vogue des grands hommes qui a prospéré à l?âge de l?humanisme et de l?imprimé, les stratégies politiques et identitaires qu?elle recelait, mais aussi son érosion progressive, au profit d?autres idéaux et au service d?autres enjeux. 606 $aHistory 606 $ahistoriographie 606 $ahéros 606 $abiographies 606 $acommémoration 606 $aportraits 606 $alittérature médiévale 606 $ahumanisme 606 $aAntiquité 606 $alumières 606 $ahistoriography 606 $aheros 606 $acommemoration 606 $amedieval literature 606 $arenaissance humanism 606 $aclassical antiquity 606 $aenlightenment 610 $ahistoriography 610 $aheros 610 $abiographies 610 $acommemoration 610 $aportraits 610 $amedieval literature 610 $arenaissance humanism 610 $aclassical antiquity 610 $aenlightenment 615 4$aHistory 615 4$ahistoriographie 615 4$ahéros 615 4$abiographies 615 4$acommémoration 615 4$aportraits 615 4$alittérature médiévale 615 4$ahumanisme 615 4$aAntiquité 615 4$alumières 615 4$ahistoriography 615 4$aheros 615 4$acommemoration 615 4$amedieval literature 615 4$arenaissance humanism 615 4$aclassical antiquity 615 4$aenlightenment 700 $aBalsamo$b Jean$01284229 701 $aBartuschat$b Johannes$0598737 701 $aBizzocchi$b Roberto$0136771 701 $aCerquiglini-Toulet$b Jacqueline$0221373 701 $aDelzant$b Jean-Baptiste$01302411 701 $aDesan$b Philippe$0143416 701 $aGhermani$b Naïma$01236312 701 $aIrace$b Erminia$0303900 701 $aJouhaud -$b Christian$0506262 701 $aRabinovitch$b Oded$01185510 701 $aRevest$b Clémence$01282536 701 $aRideau-Kikuchi$b Catherine$01308809 701 $a?poljari?$b Luka$01308810 701 $aThiec$b Guy Le$01308811 701 $aCrouzet-Pavan$b Élisabeth$0153045 701 $aDelzant$b Jean-Baptiste$01302411 701 $aRevest$b Clémence$01282536 801 0$bFR-FrMaCLE 906 $aBOOK 912 $a9910500604403321 996 $aPanthéons de la Renaissance$93029198 997 $aUNINA LEADER 05734nam 2200805 450 001 9910819386403321 005 20220321112656.0 010 $a1-78684-888-0 010 $a1-119-07823-7 010 $a1-119-07820-2 010 $a1-119-07824-5 035 $a(CKB)3710000000420450 035 $a(EBL)2064024 035 $a(SSID)ssj0001498186 035 $a(PQKBManifestationID)12638900 035 $a(PQKBTitleCode)TC0001498186 035 $a(PQKBWorkID)11503748 035 $a(PQKB)10129203 035 $a(PQKBManifestationID)16039379 035 $a(PQKB)23628659 035 $a(MiAaPQ)EBC4040954 035 $a(MiAaPQ)EBC2064024 035 $a(Au-PeEL)EBL4040954 035 $a(CaPaEBR)ebr11113972 035 $a(CaONFJC)MIL796814 035 $a(OCoLC)905801996 035 $a(PPN)24890017X 035 $a(EXLCZ)993710000000420450 100 $a20151106h20162016 uy 0 101 0 $aeng 135 $aur|n|---||||| 181 $ctxt 182 $cc 183 $acr 200 00$aSecuring transportation systems /$fedited by Simon Hakim, Gila Albert, Yoram Shiftan 210 1$aHoboken, New Jersey :$cWiley,$d2016. 210 4$d©2016 215 $a1 online resource (409 p.) 300 $aDescription based upon print version of record. 311 $a1-118-97793-9 320 $aIncludes bibliographical references and index. 327 $aTitle Page; Copyright Page; Contents; ContributorS List; Foreword; Preface; Chapter 1 Introduction; 1.1 OVERVIEW; 1.2 MAJOR TERRORIST ATTACKS TARGETING TRANSPORTATION SYSTEMS; 1.3 THE ROLE OF TRANSPORTATION IN EVACUATION; 1.4 MARKET FAILURE LEADING TO A NEW MODEL OF PPP; 1.5 SECURITY STRATEGY; 1.6 BOOK STRUCTURE AND CHAPTERS; 1.7 CONCLUSION: RESOURCE ALLOCATION AND POLICY IMPLICATION; REFERENCES; Section I Motivation and Challenges; Chapter 2 Terrorist Targeting of Public Transportation: Ideology and Tactics; 2.1 BACKGROUND; 2.2 THE HISTORY OF TERRORIST-MOTIVATED HIJACKING 327 $a2.3 ISLAMIC JUSTIFICATION FOR ATTACKS ON MASS TRANSPORTATION2.4 CONCLUSION; REFERENCE; FURTHER READING; Chapter 3 On the Rationality and Optimality of Transportation Networks Defense: A Network Centrality Approach; 3.1 INTRODUCTION; 3.2 RELATED WORK; 3.3 TRANSPORTATION NETWORK DATASET; 3.4 BC VERSUS TRAFFIC FLOW; 3.5 OPTIMIZING THE LOCATIONS OF SURVEILLANCE AND MONITORING STATIONS; 3.6 APPLICATIONS AND CONSIDERATIONS FOR POLICY-MAKERS; 3.7 CASE STUDY: ATTACK SCENARIOS IN THE ISRAELI NETWORK; 3.8 CONCLUSIONS; REFERENCES 327 $aChapter 4 Adaptive Resilience and Critical Infrastructure Security: Emergent Challenges for Transportation and Cyberphysical Infrastructure4.1 INTRODUCTION: ADAPTIVE RESILIENCE; 4.2 TRANSPORTATION SECTOR SECURITY; 4.3 EMERGENT THREATS AND COMPLEX CHALLENGES FOR TRANSPORTATION; 4.4 CONCLUSION: TRANSPORTATION SECURITY AT A CROSSROADS; REFERENCES; Chapter 5 Travelers' Perceptions of Security for Long-Distance Travel: An Exploratory Italian Study; 5.1 INTRODUCTION; 5.2 LITERATURE REVIEW; 5.3 METHODOLOGY; 5.4 THE ITALIAN CASE STUDY; 5.5 CONCLUSION; ACKNOWLEDGMENT; REFERENCES 327 $aChapter 6 Securing Transportation Systems from Radiological Threats6.1 THE THREAT; 6.2 RADIATION SOURCES AND THEIR DETECTION; 6.3 RADIATION THREAT SCENARIOS; 6.4 POLICY AND INTELLIGENCE; 6.5 TECHNOLOGY AND ASSOCIATED CONOPS; 6.6 SUMMARY AND CONCLUSIONS; REFERENCES; Chapter 7 Protecting Transportation Infrastructure against Radiological Threat; 7.1 INTRODUCTION; 7.2 EXPERIMENTAL SETUP AND RESULTS; 7.3 DISCUSSION AND CONCLUSIONS; 7.4 SUMMARY; REFERENCES; Section II Security Consideration for Modes of Transportation; Chapter 8 Securing Public Transit Systems 327 $a8.1 INTRODUCTION: THE CHALLENGE OF TRANSIT SECURITY8.2 TYPOLOGY OF TRANSIT TERRORISM; 8.3 INCIDENCE OF TRANSIT TERRORISM; 8.4 SECURING TRANSIT FROM TERRORISM; 8.5 COMPATIBILITY OF ANTITERROR AND ANTICRIME STRATEGIES; 8.6 CONCLUSION; ACKNOWLEDGMENT; REFERENCES; Chapter 9 Railroad Infrastructure: Protecting an Increasingly Vulnerable Asset; 9.1 INTRODUCTION; 9.2 RAIL VULNERABILITIES AND THREATS; 9.3 SECURING RAIL OPERATIONS; 9.4 STEPS TO ENHANCE SECURITY; 9.5 CONCLUSIONS; REFERENCES; Chapter 10 Freight Railroad Security: A Case Study of Post-9/11 Effectiveness; 10.1 INTRODUCTION 327 $a10.2 RESEARCH METHOD 330 $a"This book focuses on how to protect our transportation systems including airports and airlines, water ports, highways, tunnels and bridges, rail and mass transit, and how to better plan evacuation when severe disasters occur. These infrastructures may face various threats, namely biological, chemical, nuclear (dirty bombs), cyber, and natural disaster. The book presents the "State of the Art" efforts to improve technological and managerial security measures against terrorism as well as during and after natural disasters"--Provided by publisher. 606 $aTransportation$xSecurity measures 606 $aTransportation$xSafety measures 606 $aTransportation$xEffect of terrorism on 606 $aTerrorism$xPrevention 606 $aFreight and freightage$xSecurity measures 615 0$aTransportation$xSecurity measures. 615 0$aTransportation$xSafety measures. 615 0$aTransportation$xEffect of terrorism on. 615 0$aTerrorism$xPrevention. 615 0$aFreight and freightage$xSecurity measures. 676 $a363.28/7 702 $aHakim$b Simon$f1944- 702 $aAlbert$b Gila$f1965- 702 $aShiftan$b Yoram 801 0$bMiAaPQ 801 1$bMiAaPQ 801 2$bMiAaPQ 906 $aBOOK 912 $a9910819386403321 996 $aSecuring transportation systems$94078339 997 $aUNINA 999 $aNOULI LEADER 02031nam 2200385 n 450 001 996391384803316 005 20221108072407.0 035 $a(CKB)4940000000104887 035 $a(EEBO)2240944163 035 $a(UnM)99852996e 035 $a(UnM)99852996 035 $a(EXLCZ)994940000000104887 100 $a19920527d1565 uy | 101 0 $aeng 135 $aurbn||||a|bb| 200 04$aThe apologie of Fridericus Staphylus counseller to the late Emperour Ferdinandus, &c$b[electronic resource] $eIntreating of the true and right vnderstanding of holy Scripture. Of the translation of the Bible in to the vulgar tongue. Of disagrement in doctrine amonge the protestants. Translated out of Latin in to English by Thomas Stapleton, student in diuinite. Also a discourse of the translatour vppon the doctrine of the protestants vvhich he trieth by the three first founders and fathers thereof, Martin Luther, Philip Melanchthon, and especially Iohn Caluin 210 $aImprinted at Antwerp $cBy Iohn Latius, at the signe of the Rape, with priuilege$dAnno. 1565 215 $a254, [4] leaves, folded plate 300 $aA translation of: Apologia. 300 $aThe "plate" is a woodcut with title: A shovve of the protestants petigrevv as ye haue it before at large deducted .. 300 $aReproduction of the original in the British Library. 300 $aLeaf 2G1 torn; some print faded and show-through; some pages stained. 2F3-2H2 from Union Theological Seminary (New York, N.Y.). Library copy spliced at end. 330 $aeebo-0018 606 $aLutheran Church$vControversial literature$vEarly works to 1800 615 0$aLutheran Church 700 $aStaphylus$b Fridericus$01007884 701 $aStapleton$b Thomas$f1535-1598.$0191117 801 0$bCu-RivES 801 1$bCu-RivES 801 2$bCStRLIN 801 2$bWaOLN 906 $aBOOK 912 $a996391384803316 996 $aThe apologie of Fridericus Staphylus counseller to the late Emperour Ferdinandus, &c$92323121 997 $aUNISA